| 000 | 00646nam a22001935i 4500 | ||
|---|---|---|---|
| 001 | 161426 | ||
| 003 | ES-MaACL | ||
| 005 | 20230906212301.0 | ||
| 008 | 041020q18771879fr |||| | fre d | ||
| 040 |
_aCAM _bspa _cCAM |
||
| 100 | 1 |
_aParfait, Paul. _9130853 |
|
| 245 | 1 | 3 |
_aLa foire aux reliquies / _cpar Paul Parfait. |
| 260 |
_aParis : _bMaurice Dreyfous, éditeur, _c[s.a.] ( _fTyp. Ch. Unsinger) |
||
| 300 |
_a392 p. ; _c18 cm. |
||
| 596 | _aLa BN Opale-Plus lo fecha ca. 1877-1879. | ||
| 650 | 0 | 4 |
_aReliquias. _9136821 |
| 650 | 0 | 4 |
_aSupersticiones. _917264 |
| 852 |
_aES-MaACL _jG-10909 _z-- Enc. hol. _z-- Legado de Modesto de la Fuente |
||
| 999 |
_c161426 _d161426 |
||